Historia de Corea /

Guardado en:
Autor Corporativo: Radio Corea internacional, KBS
Formato: Libro
Idioma:Spanish
Publicado: Seúl : Radio Corea internacional, KBS, 1995.
Materias:
Etiquetas: Agregar Etiqueta
Sin Etiquetas, Sea el primero en etiquetar este registro!
LEADER 00532nam a22001695a 4500
001 EUN.um062716
003 AR-BaUNS
005 20050623122928.0
008 041125s1995####ko#a##########000#0#spa#d
245 1 0 |a Historia de Corea /  |c Radio Corea internacional, KBS. 
260 |a Seúl :  |b Radio Corea internacional, KBS,  |c 1995. 
300 |a 223 p. :  |b ilus. ;  |c 22,5 cm. 
020 |a 8986625032 
082 0 4 |a 951.9 
653 |a Corea 
110 2 |a Radio Corea internacional, KBS  |c Seúl. 
859 |a Ar-BaUNS  |b BIB. CENTRAL - Sector C  |h 951.9  |i R118  |p 105045/996